00643nam a2200193 i 4500003000900000005001700009007000300026008004100029020001500070040003000085041000800115082001300123245012900136264005300265300004200318336002700360337003400387338002800421DO-SdBNP20251107103355.0ta251107b2001 ck g|||| |||| 00| 0 spa d a9586822095 aDO-SdBNPbspacBNPHUerda aspa 4axxxbxxx00aUna década de luces y sombras :bAmérica Latina y el Caribe en los anños noventacpresentación, JoséAntonio Ocampo 4aBogotá, Colombia :bCEPALbAlfaomega,c©2001. a306 páginas :bgráficos ;c23 cm. atextobtxt2rdacontent asin mediación bn2rdamedia avolumenbnc2rdacarrier